00972nam a2200205 a 450000100100000000500170001000800410002704000250006808200190009310000380011224500630015026000930021330000180030659000260032465000270035065000310037795201750040895201660058399900170074900003322720240530073920.0110823s1916 dr r 000 0 spa d aDO-SdBNPbspacBNPHU aRD863.4bC723g1 aCólson, Jaymed1901-197595885813aEl general Babieca y Patricio Flaquenco /cJayme Cólson. aPuerto Plata, República Dominicana :bTalleres Tipográficos de Mariano Galve,c1916. a2v. ;c18 cm. aInventariado, 2018/BT 0aNovela dominicana9223 0aLiteratura dominicana.967 001050718RVaPDbPDcHDd2011-08-23iLF1l0oRD863.4 C723gp33227-10r2020-06-25w2020-06-25y1zPerteneció a la biblioteca personal de Martínez BoogZNo se presta 001050718RVaPDbPDcHDd2018-08-31iLF1l0ov.2p33227-20r2020-06-25w2020-06-25y1zPerteneció a la biblioteca personal de Martínez Boog.ZNo se presta c32718d32718